banner-ar

فصل المقال L'accordo della legge divina con la filosofia / (Record no. 37918)

MARC details
000 -الفاتح
حقل البيانات ثابتة الطول 00585nam a2200133Ia 4500
008 - عناصر البيانات ثابتة الطول - معلومات عامة
حقل البيانات ثابتة الطول 140319s9999 xx 000 0 ara d
040 ## - مصدر الفهرسة
وكالة الفهرسة الأصلية GCL /
وكالة النسخ GCL
082 04 - رقم تصنيف ديوى العشرى
رقم التصنيف 189
رقم المادة ر ف
100 1# - المدخل الرئيسى - إسم شخصى
الإسم الشخصى ابن رشد : ابوالوليد محمد بن احمد بن محمد الاندلسى القرطبى
245 10 - بيان العنوان
العنوان فصل المقال L'accordo della legge divina con la filosofia /
بيان المسئوليه,etc ابن رشد : ابوالوليد محمد بن احمد بن محمد الاندلسى القرطبى
300 ## - الوصف المادى
التعداد متعدد
490 ## - بيان السلسلة
عنوان السلسلة مجالس الادباء رياض الترجمة
رقم المجلد/ التعيين التسلسلي 0
Holdings
حالة التراجع حالة الفقد حالة تلف ليس للاعارة المكان المؤقت الموقع الحالى تاريخ الاكتساب اجمالي اﻻعارات رقم الطلب الباركود تاريخ اخر مشاهدة تاريخ تفعيل السعر نوع وعاء كوها
        مكتبة القاهرة الكبرى مكتبة القاهرة الكبرى 03/26/2014   189\ر ف 92669 03/26/2014 03/26/2014 كتاب

Powered By

EGPV